ՀՀ Գիտությունների ազգային ակադեմիայի հիմնարար գիտական գրադարան  =   Fundamental Scientific Library of NAS RA

Электротехнологические установки основных производств : (Record no. 337367)

MARC details
000 -LEADER
fixed length control field 00901nam a2200229 a 4500
001 - CONTROL NUMBER
control field 001026272
003 - CONTROL NUMBER IDENTIFIER
control field AM-YeHGA
005 - DATE AND TIME OF LATEST TRANSACTION
control field 20250617150738.0
008 - FIXED-LENGTH DATA ELEMENTS--GENERAL INFORMATION
fixed length control field 140620s ||| r 000 0 rus d
040 ## - CATALOGING SOURCE
Original cataloging agency AM-YeHGA
041 0# - LANGUAGE CODE
Language code of text/sound track or separate title rus
090 ## - LOCALLY ASSIGNED LC-TYPE CALL NUMBER (OCLC); LOCAL CALL NUMBER (RLIN)
-- 339146
100 1# - MAIN ENTRY--PERSONAL NAME
Personal name Дикушин, Г. А.
245 10 - TITLE STATEMENT
Title Электротехнологические установки основных производств :
Remainder of title Конспект лекций /
Statement of responsibility, etc. Г.А. Дикушин, Н.В. Велин, Л.С. Зимин; Куйбышев. политехн. ин-т.
260 ## - PUBLICATION, DISTRIBUTION, ETC.
Place of publication, distribution, etc. Куйбышев :
Name of publisher, distributor, etc. Б. и.
300 ## - PHYSICAL DESCRIPTION
Extent ч.
505 1# - FORMATTED CONTENTS NOTE
Miscellaneous information Ч. 1 (1974, 110 с., ил.)
653 0# - INDEX TERM--UNCONTROLLED
Uncontrolled term Электроснабжение
700 1# - ADDED ENTRY--PERSONAL NAME
Personal name Велин, Н.В.
700 1# - ADDED ENTRY--PERSONAL NAME
Personal name Зимин, Л.С.
710 2# - ADDED ENTRY--CORPORATE NAME
Corporate name or jurisdiction name as entry element Куйбышевский политехнический институт им. В.В. Куйбышева
Holdings
Withdrawn status Lost status Source of classification or shelving scheme Damaged status Not for loan Collection Home library Current library Date acquired Serial enumeration / chronology Total checkouts Full call number Barcode Date last seen Price effective from Koha item type Public note
    Universal Decimal Classification     General Fundamental Scientific Library Fundamental Scientific Library 09/01/2017 Ч. 1   PII/350364 FL0298735 09/01/2017 09/01/2017 Գրքեր / Books 30 Days Loan


ՀՀ ԳԱԱ հիմնարար գիտական գրադարան
ՀՀ,Երևան 0019
Մարշալ Բաղրամյան 24/6
հեռախոս:(374-10) 52-47-50
Հետադարձ կապ

All site content, except where otherwise noted, is licensed under a
Creative Commons License